Villes méditerranéennes sur une carte - Map Quiz - Statistiques

Statistiques générales
  • Ce quiz a été pris 184 fois
    175 depuis la dernière actualisation
  • Le résultat moyen est 23 sur 34
Réponses sur la Carte
Les réponses sont colorées sur une échelle allant du rouge au vert en fonction du pourcentage des utilisateurs qui les ont devinées à leur premier essai. Vous pouvez retrouver ces pourcentages ci-dessous.
 
Statistiques - réponses
Réponse % Correct
Ajaccio
91%
Alger
84%
Nice
84%
Marseille
83%
Barcelone
82%
Tunis
82%
Athènes
81%
Majorque
77%
Rome
77%
La Valette
74%
Naples
74%
Venise
74%
Alexandrie
73%
Valence
72%
Tel Aviv
71%
Bari
70%
Beyrouth
70%
Gênes
70%
Tripoli
68%
Malaga
67%
Héraklion
65%
Palerme
62%
Dubrovnik
61%
Cagliari
60%
Alicante
59%
Thessalonique
59%
Antalya
54%
Catane
52%
Split
52%
Larnaca
50%
Port-Said
50%
Izmir
47%
Nador
38%
Durrës
36%
Aucun quiz correspondant
Distribution des résultats
% des personnes avec chaque résultat
Percentile par nombre de réponses
Votre historique - résultats
Vous n’avez pas pris ce quiz depuis la dernière actualisation